| 000 | 00938nas a2200265 c 4500 | ||
|---|---|---|---|
| 003 | BLK | ||
| 005 | 20180422123432.0 | ||
| 008 | 180413b bul rap|r|||| |0| c1bulo| | ||
| 010 | _aPRD00005965000 | ||
| 040 | _aBLK | ||
| 041 |
_aBUL _cBUL |
||
| 080 |
_aСелско стопанство. Горско стопанство. Лов. Рибно стопанство _b63 _x _z63 |
||
| 110 | 1 |
_aРед. к-т _9388054 |
|
| 245 | 1 | 0 |
_aСАДОВО _bСелскостоп. списание _cРед. к-т _fНачална год. на издаване: Т. 1, № 1 (1893), |
| 257 | _aBGR | ||
| 260 |
_аСофия _bРед. к-т _c1903 |
||
| 300 | _c20 | ||
| 310 |
_апериодичност: 12 _eсрок за съхранение: 99 |
||
| 380 | _a63 | ||
| 852 | _aА 342 | ||
| 856 |
_qpdf _u |
||
| 856 |
_qpdf _u |
||
| 942 |
_cJOU _n0 _s1 |
||
| 944 |
_aCR _cВаня_Йорданова _k15.01.2003 |
||
| 944 |
_aED _cЛюбомир_Делиганев _k21.07.2017 |
||
| 999 |
_c295640 _d295640 |
||